|
|
|
|
| LEADER |
00000nam a2200000 a 4500 |
| 001 |
vtls008350801 |
| 003 |
SK-MaSNL |
| 005 |
20260302041459.0 |
| 008 |
251124s1973 xo a d npd 00 0 slo |
| 015 |
|
|
|a SNBA1973/05-01186
|
| 035 |
|
|
|a SK01SNK19730043018
|
| 035 |
|
|
|a SKM000045481
|
| 040 |
|
|
|a SNK
|b slo
|c SNK
|e AACR2
|
| 041 |
1 |
|
|a slo
|h cze
|
| 044 |
|
|
|a xo
|c SK
|
| 080 |
|
|
|a 32(075.3)
|2 1981
|
| 080 |
|
|
|a 37.035(075.3)
|2 1981
|
| 100 |
1 |
|
|a Hlaváč, Otto
|4 aut
|9 339673
|
| 245 |
1 |
0 |
|a Dočasné učebné texty občianskej náuky pre odborné učilištia a učňovské školy
|n 1. diel
|c Otto Hlaváč ; [z čes. orig.] prel. Margita Majerová
|
| 250 |
|
|
|a 1. vyd.
|
| 260 |
|
|
|a Bratislava
|b Slovenské pedagogické nakladateľstvo
|c 1973
|e Nitra
|f Nitrianske tlačiarne
|
| 300 |
|
|
|a 91, [1] s.
|c 4°
|
| 500 |
|
|
|a Odporúč. lit. Tb. Schémy. Terminolog. slovník
|
| 563 |
|
|
|a 3150 výtl.
|
| 650 |
0 |
7 |
|a náuka o spoločnosti
|2 SNKPH
|9 67462
|
| 655 |
|
7 |
|a učebnice
|2 SNKPH
|9 22521
|
| 655 |
|
7 |
|a učebnice stredných škôl
|2 SNKPH
|9 69323
|
| 700 |
1 |
|
|a Majerová, Margita
|4 trl
|9 423828
|
| 958 |
|
|
|a OND
|
| 958 |
|
|
|a UC
|
| 958 |
|
|
|a RM
|
| 958 |
|
|
|a RK
|
| 958 |
|
|
|a NB
|
| 958 |
|
|
|a OP
|
| 958 |
|
|
|a CZ
|
| 999 |
|
|
|c 1078956
|d 1080886
|
| 952 |
|
|
|a SNK
|b SNK
|y PREZ
|7 0
|p 17A0898125
|o snkSB 19439/1
|i snkKSP 3625/73
|0 0
|1 0
|4 0
|d 2015-11-11
|l 0
|r 2025-03-20 00:00:00
|w 2026-02-24
|
| 952 |
|
|
|a SNK
|b SNK
|y VYP
|7 0
|o snkSB 19439/1 D1
|i snkKSP 3626/73
|0 0
|1 0
|4 0
|d 2015-11-11
|l 0
|r 2026-02-24 16:20:01
|w 2026-02-24
|